000 01409cam a2200301 a 4500
001 3036028
005 20041223072827.0
008 951204s1996 txua b 001 0 eng
010 _a 95051777
020 _a0884154971 (acidfree paper)
040 _aDLC
_cDLC
_dDLC
050 0 0 _aTP1092
_b.M85 1996
082 0 0 _a668.9
_222
_bMUL
245 0 0 _aMultiphase reactor and polymerization system hydrodynamics /
_cNicholas P. Cheremisinoff, editor ; in collaboration with M. Abid ... [et al.].
260 _aHouston, Tex. :
_bGulf Pub.,
_cc1996.
300 _axii, 772 p. :
_bill. ;
_c24 cm.
440 0 _aAdvances in engineering fluid mechanics series
_96588
504 _aIncludes bibliographical references and index.
650 0 _aPolymers
_xRheology.
_96589
650 0 _aHydrodynamics.
_96590
700 1 _aCheremisinoff, Nicholas P.
_96591
700 1 _aAbid, M.
_q(Mohammed)
_96592
856 4 1 _3Table of contents
_uhttp://www.loc.gov/catdir/toc/els051/95051777.html
856 4 2 _3Publisher description
_uhttp://www.loc.gov/catdir/description/els032/95051777.html
942 _2ddc
_cBB
999 _c11935
_d11935